[Event "Czech League 2006/07 (2nd) (a)"]
[Site "masterchessopen.com - Czech Republic"]
[Date "2006.10.15"]
[Round "1"]
[White "Vybiral Zdenek (CZE)"]
[Black "Borkovec Milan (CZE)"]
[Result "1-0"]
[WhiteElo "2178"]
[BlackElo "2273"]

1.d4 Nf6 2.c4 c5 3.d5 d6 4.Nc3 g6 5.e4 Bg7 6.Be2 O-O 7.Nf3 e6 8.O-O exd5
9.cxd5 a6 10.a4 Bg4 11.Bf4 Nh5 12.Bg5 Bf6 13.Be3 Nd7 14.Nd2 Bxe2 15.Qxe2 Bd4
16.Ra3 Qf6 17.Nd1 Bxe3 18.Nxe3 Nf4 19.Qd1 b5 20.g3 Nh5 21.Qc2 c4 22.axb5 axb5
23.Rfa1 Rxa3 24.Rxa3 Nc5 25.Qc3 Rb8 26.Qxf6 Nxf6 27.f3 Nfd7 28.Ra2 Ne5 29.Kg2
Ned3 30.Nd1 Kf8 31.Kf1 Ke7 32.Ra7+ Kf6 33.Ke2 Nb4 34.Nf1 Nb3 35.Nfe3 Nd4+
36.Kd2 Nxf3+ 37.Kc3 Nd3 38.Ng4+ Kg7 39.h4 h5 40.Ngf2 Nfe5 41.Nxd3 Nxd3 42.Kd4
Nc5 43.Nf2 Kf6 44.e5+ Kg7 45.exd6 Nb3+ 46.Ke5 b4 47.Ne4 Nc1 48.d7 c3 49.bxc3
b3 50.Kd6 b2 51.Nd2 Nb3 52.Nb1 {#r} 1-0

[Event "It (festival) \"]
[Site "masterchessopen.com - Bratto (Italy)"]
[Date "2006.11.07"]
[Round "3"]
[White "Rauzieres Guy"]
[Black "Fragnaud"]
[Result "1-0"]
[WhiteElo "2040"]
[BlackElo "1940"]

1.d4 Nf6 2.c4 c5 3.d5 e6 4.Nc3 exd5 5.cxd5 d6 6.e4 g6 7.Nf3 Bg7 8.Be2 O-O
9.O-O a6 10.a4 Bg4 11.Qb3 Qc7 12.h3 Bxf3 13.Bxf3 Nbd7 14.Be2 Rfe8 15.Qc2 b6
16.Bf4 c4 17.Rfe1 Rab8 18.Bh2 b5 19.axb5 axb5 20.Ra6 Rb6 21.Rea1 Ne5 22.Ra7
Qc5 23.Bf4 Qc8 24.Be3 Rb8 25.f4 Ned7 26.R1a6 b4 27.Rc6 Qd8 28.Nd1 Rxe4 29.Bf3
Re8 30.Rxc4 Nb6 31.Rcc7 Nbxd5 32.Bxd5 Nxd5 33.Rxf7 Ne7 34.Rxg7+ Kxg7 35.Qe4
Kf7 36.Qd5+ Kg7 37.Bd4+ Kf8 38.Qe6 {#r} 1-0

[Event "Ch Slovakia (team) 2006/07 (2 liga) (b)"]
[Site "masterchessopen.com - Slovakia"]
[Date "2006.12.16"]
[Round "5"]
[White "Capak Stefan (SVK)"]
[Black "Vrablik Miroslav (SVK)"]
[Result "1/2-1/2"]
[WhiteElo "2015"]
[BlackElo "2079"]

1.d4 Nf6 2.Nf3 c5 3.d5 e6 4.c4 exd5 5.cxd5 d6 6.Nc3 g6 7.e4 a6 8.a4 Bg7 9.Be2
O-O 10.O-O Bg4 11.Bf4 Qe7 12.Nd2 Bxe2 13.Qxe2 Nbd7 14.Nc4 Ne8 15.Rae1 Ne5
16.Bxe5 dxe5 17.f4 Nd6 18.f5 f6 19.fxg6 hxg6 20.Nxd6 Qxd6 21.Qg4 f5 22.exf5
gxf5 23.Rxf5 Rxf5 24.Qxf5 Rf8 25.Qd3 Qb6 26.Nd1 c4+ 27.Qe3 Qd4 28.Nc3 {#d}
1/2-1/2

[Event "Ch Europe (active)"]
[Site "masterchessopen.com - Warsaw (Poland)"]
[Date "2006.12.17"]
[Round "13"]
[White "Cmilyte Viktorija (LTU)"]
[Black "Mickiewicz Piotr (POL)"]
[Result "1-0"]
[WhiteElo "2469"]
[BlackElo "2312"]

1.d4 Nf6 2.c4 c5 3.d5 e6 4.Nc3 exd5 5.cxd5 d6 6.e4 g6 7.Nf3 Bg7 8.Be2 O-O
9.O-O a6 10.a4 Bg4 11.Nd2 Bxe2 12.Qxe2 Nbd7 13.Nc4 Nb6 14.Ne3 Re8 15.a5 Nc8
16.Nc4 b5 17.axb6 Nxb6 18.Qd3 Ng4 19.Na5 Qh4 20.h3 Ne5 21.Qe2 f5 22.exf5 gxf5
23.Qc2 Rf8 24.Nc6 f4 25.f3 Nxc6 26.dxc6 Bd4+ 27.Kh1 c4 28.Rd1 Rae8 29.Ne4 Be5
30.Rxa6 Nc8 31.Qxc4+ Kh8 32.b4 Rd8 33.Qe2 d5 34.Bb2 Qe7 35.Nc5 Bxb2 36.Qxb2+
Kg8 37.Qd4 Qf7 38.b5 Ne7 39.Ra7 Rde8 40.Nd7 Nf5 41.Nxf8 Ng3+ 42.Kh2 Qxf8
43.Qxd5+ Kh8 44.Qd4+ Kg8 45.Qc4+ Kh8 46.Rdd7 Qf6 47.Rxh7# 1-0

[Event "Memorial G.I.Ivanov (cat.7)"]
[Site "masterchessopen.com - Azov (Russia)"]
[Date "2006.12.28"]
[Round "1"]
[White "Pilavov G (UKR)"]
[Black "Kornyukov Alexey (RUS)"]
[Result "1-0"]
[WhiteElo "2516"]
[BlackElo "2420"]

1.d4 Nf6 2.c4 c5 3.d5 e6 4.Nc3 exd5 5.cxd5 d6 6.Nf3 g6 7.e4 Bg7 8.Be2 O-O
9.O-O a6 10.a4 Bg4 11.Bf4 Qe7 12.Nd2 Bxe2 13.Qxe2 Re8 14.Rae1 Nh5 15.Be3 Nd7
16.f4 Bxc3 17.bxc3 Nhf6 18.Bf2 Nxd5 19.Qf3 Nc7 20.Qh3 Nf8 21.Bh4 Qd7 22.f5 d5
23.Bf6 Qc6 24.e5 Nd7 25.fxg6 fxg6 26.Qh6 Ne6 27.Nf3 Ndf8 28.Ng5 Qd7 29.Nxe6
Nxe6 30.Re3 d4 31.Rg3 Nf8 32.h4 Re7 33.h5 Rg7 34.Bxg7 Qxg7 35.Qxg7+ Kxg7
36.cxd4 cxd4 37.Rb1 {#r} 1-0

[Event "Tournament (Elo) (a)"]
[Site "masterchessopen.com - Warsaw (Poland)"]
[Date "2007.01.03"]
[Round "2"]
[White "Pazderski Ziemowit (POL)"]
[Black "Chalupnik Marcin (POL)"]
[Result "1-0"]
[WhiteElo "2207"]
[BlackElo "2244"]

1.d4 Nf6 2.c4 c5 3.d5 e6 4.Nc3 exd5 5.cxd5 d6 6.e4 g6 7.Nf3 Bg7 8.Be2 O-O
9.O-O a6 10.a4 Bg4 11.Nd2 Bxe2 12.Qxe2 Nbd7 13.a5 Re8 14.Nc4 Ne5 15.Nb6 Ra7
16.f4 Ned7 17.Nc4 Qc7 18.e5 dxe5 19.fxe5 b5 20.axb6 Nxb6 21.Nd6 Re7 22.Bg5
Nbd7 23.Ndb5 Rxe5 24.Nxc7 Rxe2 25.Nxe2 Rxc7 26.Nc3 Ra7 27.Ra5 h6 28.Bxf6 Bxf6
29.Rfa1 Rb7 30.R1a2 Nb8 31.Kf1 Bd4 32.Na4 Rd7 33.Nxc5 Rxd5 34.Nd3 Rd6 35.R2a3
Rb6 36.b3 Kg7 37.Rd5 Nc6 38.Nc5 Rb5 39.Rxa6 Nb4 40.Rxd4 Nxa6 41.Nxa6 Rxb3
42.Nc5 Rb2 43.Ne4 Rc2 44.Rd2 Rc4 45.Nf2 Rh4 46.Nh3 h5 47.Rf2 Ra4 48.Re2 Rh4
49.Kg1 Ra4 50.Re1 Ra2 51.Ng5 Rb2 52.h4 Rb4 53.Re4 Rb7 54.Rc4 Ra7 55.Kf2 Rb7
56.Kf3 Ra7 57.Kf4 Rb7 58.Ne4 Rb2 59.g3 Rb7 60.Nd6 Re7 61.Rc8 Re6 62.Rd8 Re7
63.Nc4 Rb7 64.Ne5 Rb4+ 65.Ke3 Kf6 66.Nc6 Ra4 67.Rd6+ Kg7 68.Rd7 Ra1 69.Ne5
Re1+ 70.Kf4 Rf1+ 71.Nf3 Kf6 72.Ke3 Kg7 73.Ke2 Ra1 74.Ng5 Ra2+ 75.Kf1 Ra1+
76.Kg2 Ra2+ 77.Kf3 Ra3+ 78.Ke4 Rxg3 79.Rxf7+ Kg8 80.Rf4 Kg7 81.Ne6+ Kh6 82.Ke5
Ra3 83.Rf8 Kh7 84.Rf7+ Kh6 85.Rf8 Kh7 86.Ng5+ Kh6 87.Kf6 Ra6+ 88.Ne6 Kh7
89.Rb8 Rd6 90.Rb7+ Kh6 91.Rb8 Kh7 92.Ke5 Ra6 93.Ng5+ Kh6 94.Rh8+ Kg7 95.Rh7+
Kg8 96.Rd7 Ra4 97.Kf6 Ra6+ 98.Ne6 {#r} 1-0

[Event "Ch Chess Club"]
[Site "masterchessopen.com - Novosibirsk (Russia)"]
[Date "2007.01.16"]
[Round "2"]
[White "Bublei Pavel (RUS)"]
[Black "Shakirov Alexander (KAZ)"]
[Result "1-0"]
[WhiteElo "2165"]
[BlackElo "1950"]

1.d4 Nf6 2.c4 c5 3.d5 d6 4.Nc3 g6 5.e4 Bg7 6.Nf3 O-O 7.Be2 e6 8.O-O exd5
9.cxd5 a6 10.a4 Bg4 11.h3 Bxf3 12.Bxf3 Nbd7 13.Bg5 Qc7 14.Qc2 Rab8 15.Be2 c4
16.a5 Rfc8 17.Ra4 Nc5 18.Rxc4 Qxa5 19.b4 Qc7 20.bxc5 dxc5 21.e5 Nd7 22.d6 Qb6
23.Nd5 Qa7 24.Ne7+ Kh8 25.Nxc8 Rxc8 26.Bg4 {#r} 1-0

[Event "It (open) (masters)"]
[Site "masterchessopen.com - Bunratty (Ireland)"]
[Date "2007.02.25"]
[Round "6"]
[White "Baburin Alexander (IRL)"]
[Black "Orr Mark J L (IRL)"]
[Result "1-0"]
[WhiteElo "2545"]
[BlackElo "2266"]

1.d4 Nf6 2.c4 e6 3.Nc3 c5 4.d5 exd5 5.cxd5 d6 6.Nf3 g6 7.e4 Bg7 8.Be2 O-O
9.O-O a6 10.a4 Bg4 11.Bf4 Qe7 12.Nd2 Bxe2 13.Qxe2 Nbd7 14.Nc4 Ne8 15.Rae1 Ne5
16.Bxe5 Bxe5 17.f4 Bd4+ 18.Kh1 f6 19.Qd3 Bxc3 20.bxc3 b5 21.Na5 Nc7 22.Nc6 Qd7
23.c4 b4 24.h3 Rae8 25.a5 Rf7 26.Qg3 Ref8 27.Re2 Ne8 28.Rfe1 Ng7 29.Kg1 Qc7
30.Qd3 Nh5 31.Qf3 Ng7 32.g4 g5 33.Rf2 Qd7 34.Ref1 Ne8 35.Qe3 gxf4 36.Rxf4 Rg7
37.Kh1 Rff7 38.R1f3 Qc7 39.Qf2 {#r} 1-0

[Event "Ch France (team) (nat.2) 2006/07"]
[Site "masterchessopen.com - France"]
[Date "2007.03.17"]
[Round "8"]
[White "Hartweg Nicolas (FRA)"]
[Black "Joly Laurent (FRA)"]
[Result "1-0"]
[WhiteElo "2026"]
[BlackElo "2026"]

1.d4 Nf6 2.c4 c5 3.d5 e6 4.Nc3 exd5 5.cxd5 d6 6.e4 g6 7.Be2 Bg7 8.Nf3 O-O
9.O-O a6 10.a4 Bg4 11.Nd2 Bxe2 12.Qxe2 Nbd7 13.Nc4 Nb6 14.Bd2 Re8 15.Nxb6 Qxb6
16.f3 Nd7 17.Kh1 Rac8 18.a5 Qd8 19.Na4 f5 20.Rae1 Rb8 21.Qd3 fxe4 22.fxe4 Ne5
23.Qc2 Ng4 24.Bf4 Be5 25.Nb6 Bxf4 26.Rxf4 Ne5 27.Ref1 Qc7 28.h3 Qe7 29.Qd2 Rf8
30.Kg1 Rxf4 31.Qxf4 Kg7 32.b3 Re8 33.Qf2 h5 34.Qe3 Nf7 35.Re1 Ne5 36.Qc3 Kg8
37.Nc4 Qd7 38.Nd2 Qb5 39.Nf3 Nxf3+ 40.gxf3 Qd7 41.Qf6 Re7 42.Kh2 Kh7 43.Rg1
Rg7 44.f4 Qe7 45.Rxg6 Qxf6 46.Rxf6 Re7 47.Re6 Rd7 48.Kg3 Kg8 49.Kh4 b5 50.axb6
a5 51.Kxh5 Kf7 52.Rh6 Kg7 53.f5 {#r} 1-0

[Event "Ch Switzerland (team) 2007"]
[Site "masterchessopen.com - Switzerland"]
[Date "2007.03.25"]
[Round "2"]
[White "Huss Andreas (SUI)"]
[Black "Loetscher Roland (SUI)"]
[Result "1-0"]
[WhiteElo "2335"]
[BlackElo "2411"]

1.d4 Nf6 2.c4 c5 3.d5 e6 4.Nc3 exd5 5.cxd5 d6 6.Nf3 g6 7.e4 Bg7 8.Be2 O-O
9.O-O a6 10.a4 Bg4 11.Bf4 Bxf3 12.Bxf3 Qe7 13.Qb3 Nbd7 14.Qxb7 Rfb8 15.Qc6 Ne8
16.a5 Ne5 17.Bxe5 Bxe5 18.Ra2 Nc7 19.Qa4 Qf6 20.Be2 Rb4 21.Qc2 Rab8 22.g3 h5
23.Kg2 Bd4 24.h4 Kg7 25.f4 Rb3 26.Bc4 R3b4 27.e5 dxe5 28.b3 exf4 29.Rxf4 Qe5
30.Re4 Qf6 31.Rf4 Qe5 32.Re4 Qd6 33.Ra1 Nb5 34.Bxb5 axb5 35.Rd1 f5 36.Re6 Qd7
37.Rde1 Bf6 38.d6 Qc6+ 39.Kh3 Qf3 40.Re7+ Kf8 41.Kh2 Bxh4 42.R1e3 Bxg3+ 43.Kg1
Qg4 44.Qg2 Bxd6 45.R7e6 Bf4 46.Re2 Rxb3 47.Qxg4 hxg4 48.Nd5 Rg3+ 49.Kf2 Rf3+
50.Kg2 Rd8 51.Ne7 Kf7 52.Nxg6 Bg5 53.Rb6 Bf6 54.Ne5+ Bxe5 55.Rxe5 Rd2+ 56.Kg1
Rd1+ 57.Kg2 Rd2+ 58.Kg1 Rb3 59.Rxf5+ Ke7 60.a6 {#r} 1-0

[Event "Bayern Regionalliga Northeast 2006/07"]
[Site "masterchessopen.com - Bayern (Germany)"]
[Date "2007.04.22"]
[Round "9"]
[White "Steinbacher Matthias Dr (GER)"]
[Black "Palkovi Jozsef (HUN)"]
[Result "1-0"]
[WhiteElo "2297"]
[BlackElo "2424"]

1.d4 Nf6 2.c4 e6 3.Nf3 c5 4.d5 exd5 5.cxd5 d6 6.e4 g6 7.Nc3 Bg7 8.Be2 O-O
9.O-O a6 10.a4 Bg4 11.Nd2 Bxe2 12.Qxe2 Nbd7 13.Nc4 Nb6 14.Ne3 Qe7 15.a5 Nbd7
16.Nc4 Ne5 17.Nb6 Rae8 18.Bg5 h6 19.Bh4 g5 20.Bg3 Ng6 21.Nc4 Nf4 22.Bxf4 gxf4
23.Qf3 Nxe4 24.Qxf4 Qf6 25.Qxf6 Bxf6 26.Rac1 Nxc3 27.bxc3 Re2 28.f3 Rd8 29.Rf2
Re7 30.Kf1 Kf8 31.Re2 Ke8 32.Rxe7+ Kxe7 33.Ke2 Kd7 34.Kd3 h5 35.g3 Kc7 36.Re1
Rg8 37.Re4 Bd8 38.Rf4 Rg7 39.Rf5 h4 40.g4 Kd7 41.h3 Be7 42.f4 Rh7 43.Kc2 Bd8
44.Kb3 Be7 45.Nd2 Bd8 46.Ne4 Ke7 47.Ka4 Rh6 48.Ng5 Rf6 49.Rxf6 Kxf6 50.Ne4+
Ke7 51.f5 Bc7 52.g5 Kf8 53.Nd2 Bd8 54.f6 Kg8 55.Nf3 Kh7 56.Nxh4 Bc7 57.c4 Bb8
58.Ng2 Kg6 59.h4 Kf5 60.Nf4 Bc7 61.Ne6 Bb8 62.h5 Ba7 63.h6 {#r} 1-0

[Event "Tournament (ELO) \"]
[Site "masterchessopen.com - Lipetsk (Russia)"]
[Date "2007.06.26"]
[Round "5"]
[White "Dulin Anatoliy (RUS)"]
[Black "Mukhin A"]
[Result "1/2-1/2"]
[WhiteElo "2002"]
[BlackElo "2015"]

1.c4 Nf6 2.d4 e6 3.Nf3 c5 4.d5 exd5 5.cxd5 d6 6.Nc3 g6 7.e4 a6 8.a4 Bg4 9.Be2
Bg7 10.O-O O-O 11.Bg5 Nbd7 12.Qd2 Re8 13.h3 Bxf3 14.Bxf3 Qc7 15.Rfe1 c4 16.Bh6
Nc5 17.Bxg7 Kxg7 18.Rad1 {#d} 1/2-1/2

[Event "It (cat.3)"]
[Site "masterchessopen.com - Volodarskij (Russia)"]
[Date "2007.06.29"]
[Round "3"]
[White "Tomilin Artjom (RUS)"]
[Black "Zargarian Ruben (ARM)"]
[Result "1/2-1/2"]
[WhiteElo "2377"]
[BlackElo "2304"]

1.Nf3 Nf6 2.d4 e6 3.c4 c5 4.d5 exd5 5.cxd5 d6 6.Nc3 g6 7.e4 Bg7 8.Be2 O-O
9.O-O a6 10.a4 Bg4 11.Bf4 Qe7 12.Nd2 Bxe2 13.Qxe2 Nh5 14.Be3 Nd7 15.a5 Rfe8
16.Nc4 Rab8 17.f3 Ne5 18.Nb6 Nd7 19.Nc4 Ne5 20.Nb6 Nd7 {#d} 1/2-1/2

[Event "Ch Ireland"]
[Site "masterchessopen.com - Dublin (Ireland)"]
[Date "2007.07.06"]
[Round "7"]
[White "Short Philip M (IRL)"]
[Black "Orr Mark J L (IRL)"]
[Result "1-0"]
[WhiteElo "2277"]
[BlackElo "2266"]

1.d4 Nf6 2.Nf3 e6 3.c4 c5 4.d5 exd5 5.cxd5 d6 6.Nc3 g6 7.e4 a6 8.a4 Bg4 9.Be2
Bg7 10.O-O O-O 11.h3 Bxf3 12.Bxf3 Nbd7 13.Qc2 Qe7 14.Bd2 c4 15.Be2 Rac8
16.Rfe1 Rfe8 17.Bf1 Nc5 18.Bxc4 Nfxe4 19.f3 Bd4+ 20.Be3 Bxe3+ 21.Rxe3 Qg5
22.Rxe4 Nxe4 23.Nxe4 Qe3+ 24.Kh1 Rxe4 25.fxe4 Qd4 26.Rc1 b5 27.axb5 axb5 28.b3
bxc4 29.bxc4 Re8 30.c5 Qxc5 31.Qxc5 dxc5 32.Rc4 Kg7 33.Kg1 Kf6 34.Kf2 Rc8
35.Ke3 Ke5 36.g4 Ra8 37.Rxc5 Ra3+ 38.Kf2 Kxe4 39.Rc7 Kxd5 40.Rxf7 Rxh3 41.Kg2
Ke6 42.Ra7 Rb3 43.Rxh7 Kf6 44.Ra7 Kg5 45.Ra6 Rb4 46.Kh3 Rxg4 47.Ra5+ {#r} 1-0

[Event "It (open) \"]
[Site "masterchessopen.com - Copenhagen (Denmark)"]
[Date "2007.07.22"]
[Round "2"]
[White "Cmilyte Viktorija (LTU)"]
[Black "Holst Conny (SWE)"]
[Result "1/2-1/2"]
[WhiteElo "2464"]
[BlackElo "2151"]

1.d4 Nf6 2.c4 c5 3.d5 e6 4.Nc3 exd5 5.cxd5 d6 6.e4 g6 7.Nf3 Bg7 8.Be2 O-O
9.O-O a6 10.a4 Bg4 11.Nd2 Bxe2 12.Qxe2 Nbd7 13.Nc4 Nb6 14.Ne3 Qe7 15.a5 Nbd7
16.Nc4 Ne5 17.Nxe5 Qxe5 18.f4 Qe7 19.Bd2 Rae8 20.Rfe1 Nd7 21.Qf3 Qd8 22.Na4 f5
23.exf5 Bd4+ 24.Kh1 gxf5 25.Re6 Nf6 26.Nc3 Rxe6 27.dxe6 Ng4 28.h3 Nf2+ 29.Kh2
Qf6 30.Rf1 Qxe6 31.Rxf2 Bxf2 32.Qxf2 Re8 33.Qf3 Re7 34.Nd5 Rf7 35.Bc3 Kf8
36.g4 fxg4 37.hxg4 h5 38.g5 Qg6 39.Bf6 Qc2+ 40.Qg2 Qg6 41.f5 Qxf5 42.g6 Rg7
43.Bxg7+ Kxg7 44.Nc3 Qf4+ 45.Kh3 Qf5+ 46.Kh4 Qf4+ 47.Kxh5 Qh6+ 48.Kg4 Qxg6+
49.Kf3 Qxg2+ 50.Kxg2 Kf6 51.Kf3 Ke5 52.Ne4 Kd5 53.Ke3 Kc6 54.Kd3 d5 55.Nf6 Kd6
56.Kc3 Kc6 57.Kb3 Kd6 58.Ka4 Kc6 59.Ng4 Kd6 60.Kb3 Kc6 61.Ne3 Kd6 62.Ka4 Ke5
63.Ng4+ Kd6 64.Nh6 Ke6 65.Kb3 Kd6 66.Kc3 Kc6 67.Nf5 Kb5 68.Nd6+ Kc6 69.Nf7 Kb5
70.Nd8 Kxa5 71.Nxb7+ Kb5 72.Nd6+ Kc6 73.Nf5 Kb5 74.Nd6+ Kc6 75.Nf5 Kb5 76.Nd6+
Kc6 77.Ne8 a5 78.Kb3 Kb5 79.Nf6 d4 80.Ne4 c4+ 81.Ka3 a4 82.Nd2 {#d} 1/2-1/2

[Event "It (open) \"]
[Site "masterchessopen.com - Copenhagen (Denmark)"]
[Date "2007.07.29"]
[Round "10"]
[White "Helmers Wim G (NED)"]
[Black "Cannon Raymond Charles (ENG)"]
[Result "1-0"]
[WhiteElo "2129"]
[BlackElo "2025"]

1.d4 Nf6 2.c4 c5 3.d5 e6 4.Nc3 exd5 5.cxd5 d6 6.e4 g6 7.Nf3 Bg7 8.Be2 O-O
9.O-O a6 10.a4 Bg4 11.Bf4 Bxf3 12.Bxf3 Qe7 13.Re1 Nbd7 14.a5 Ne5 15.Be2 Nfd7
16.Qd2 f5 17.exf5 Rxf5 18.Bg4 Rff8 19.Bg5 Bf6 20.Bh6 Bg7 21.Bxg7 Qxg7 22.Be6+
Kh8 23.Ne4 Rf3 24.Nxd6 Raf8 25.Re2 Rb3 26.Ra3 Rxa3 27.bxa3 Qe7 28.Ne4 Rf3
29.Qb2 Rd3 30.h3 Rd1+ 31.Kh2 Qg7 32.Qxb7 Nf8 33.Qb8 h6 34.Nxc5 Nc4 35.Nd7 {#r}
1-0

[Event "Cup Kaunas (open)"]
[Site "masterchessopen.com - Kaunas (Lithuania)"]
[Date "2007.08.07"]
[Round "1"]
[White "Kutkaitis Romualdas (LTU)"]
[Black "Ermalis Rytis (LTU)"]
[Result "0-1"]
[WhiteElo "1665"]
[BlackElo "2012"]

1.d4 Nf6 2.c4 c5 3.d5 e6 4.Nc3 exd5 5.cxd5 d6 6.e4 g6 7.Be2 Bg7 8.Nf3 O-O
9.O-O a6 10.a4 Bg4 11.Nd2 Bxe2 12.Qxe2 Re8 13.Qd3 Nbd7 14.f4 Ng4 15.Nf3 c4
16.Qc2 Nc5 17.h3 Nf6 18.Re1 Nd3 19.Re2 Nd7 20.Nd2 Nxf4 21.Nxc4 Nxe2+ 22.Qxe2
Ne5 23.Bf4 Rc8 24.Nxe5 Bxe5 25.Bxe5 Rxe5 26.Qd2 Kg7 27.Rf1 Qe7 28.Qd4 Qc7
29.Kh2 Qc5 30.Qd2 Rf8 31.g4 b5 32.axb5 axb5 33.Qf4 f6 34.Rc1 Qc4 35.Qf2 b4
36.Ne2 Qxe4 37.Rc7+ Rf7 38.Rxf7+ Kxf7 39.Nf4 Qe3 40.Kg2 g5 {#R} 0-1

[Event "Ch Tatarstan (open)"]
[Site "masterchessopen.com - Kazan (Russia)"]
[Date "2007.08.26"]
[Round "7"]
[White "Sadykov Airat F (RUS)"]
[Black "Ioffe Dmitry (RUS)"]
[Result "0-1"]
[WhiteElo "2132"]
[BlackElo "2176"]

1.d4 Nf6 2.c4 c5 3.d5 g6 4.Nc3 Bg7 5.e4 O-O 6.Be2 d6 7.Nf3 e6 8.O-O exd5
9.cxd5 a6 10.a4 Bg4 11.h3 Bxf3 12.Bxf3 Qe7 13.g3 Nbd7 14.Bg2 Rfe8 15.Kh2 c4
16.Be3 Rac8 17.Rc1 Nc5 18.f3 Nfd7 19.Bg1 Ne5 20.Qc2 Ned3 21.Rb1 h5 22.Kh1 h4
23.Bh2 hxg3 24.Bxg3 Nb3 25.Kh2 Nd4 26.Qd2 b5 27.axb5 axb5 28.Nd1 f5 29.Nf2 f4
30.Bxf4 Nxf4 {#R} 0-1

[Event "Ch Europe (juniors) (under 16)"]
[Site "masterchessopen.com - Sibenik (Croatia)"]
[Date "2007.09.16"]
[Round "3"]
[White "Krivec Sandi (SLO)"]
[Black "Vranar Viktor (CRO)"]
[Result "1-0"]
[WhiteElo "2037"]
[BlackElo "1729"]

1.d4 Nf6 2.Nf3 e6 3.c4 c5 4.d5 exd5 5.cxd5 d6 6.Nc3 g6 7.e4 Bg7 8.Be2 a6 9.a4
O-O 10.O-O Bg4 11.Nd2 Bxe2 12.Qxe2 Nbd7 13.Nc4 Nb6 14.Ne3 Re8 15.a5 Nc8 16.Qc2
b5 17.axb6 Nxb6 18.Qd3 Qc8 19.Nc4 Nxc4 20.Qxc4 Nd7 21.Bf4 Ne5 22.Bxe5 Bxe5
23.f4 Bd4+ 24.Kh1 Qb7 25.e5 Bxc3 26.bxc3 dxe5 27.f5 Rad8 28.Rad1 Qb5 29.Qe4
Qb8 30.c4 Qd6 31.Rf3 h6 32.Rdf1 Rd7 33.fxg6 fxg6 34.Rf6 Qc7 35.Qxg6+ {#r} 1-0

[Event "Cup Elitzur Cup (cat.3)"]
[Site "masterchessopen.com - Petach Tikva (Israel)"]
[Round "8"]
[White "Porat Maya (ISR)"]
[Black "Bykhovsky Anatoly (ISR)"]
[Result "1/2-1/2"]
[WhiteElo "2208"]
[BlackElo "2357"]

1.d4 Nf6 2.c4 e6 3.Nc3 c5 4.d5 exd5 5.cxd5 d6 6.Nf3 g6 7.e4 a6 8.a4 Bg4 9.Be2
Bg7 10.O-O O-O 11.h3 Bxf3 12.Bxf3 Nbd7 {#d} 1/2-1/2

[Event "Tournament (weekend)"]
[Site "masterchessopen.com - Rivarolo Mantovano (Italy)"]
[Date "2007.10.14"]
[Round "5"]
[White "Bonade Massimo (ITA)"]
[Black "De-Palma Fabrizio (ITA)"]
[Result "0-1"]
[WhiteElo "2168"]
[BlackElo "1972"]

1.d4 Nf6 2.c4 c5 3.d5 e6 4.Nc3 exd5 5.cxd5 d6 6.e4 g6 7.Nf3 a6 8.a4 Bg4 9.Be2
Bg7 10.O-O O-O 11.Bf4 Bxf3 12.Bxf3 Qe7 13.Re1 Nbd7 14.Qc2 h5 15.h3 Nh7 16.Qd2
Rfe8 17.Be2 Qf6 18.Bd3 Qe7 19.Bf1 Nhf6 20.Bg5 Rac8 21.f4 Qd8 22.Kh1 Qc7 23.Re2
c4 24.Rae1 Nh7 25.Bh4 Nc5 26.e5 dxe5 27.d6 Qd7 28.Nd5 Nd3 29.Ne7+ Rxe7 30.dxe7
Qxa4 31.Re3 Nxe1 32.Qd8+ Qe8 33.Rxe1 g5 34.Rd1 Bf6 35.Qxe8+ Rxe8 36.fxg5 Bxe7
37.Bxc4 Bxg5 38.Bxg5 Nxg5 39.h4 Ne6 40.Rd5 Rc8 41.Bf1 Rc5 42.Rd2 Nd4 43.Bd3 f5
44.Kg1 Kf7 45.Kf2 Ke6 46.g3 b5 47.Ke3 Nb3 48.Rf2 Nd4 49.Bb1 Rc1 50.Ba2+ Kf6
51.Rd2 Rc2 52.Bd5 Rxd2 53.Kxd2 f4 54.gxf4 exf4 55.Kd3 Ke5 56.Bf7 Nf3 57.Bxh5
Nxh4 58.Be8 Kd5 59.Bd7 f3 60.b4 Ng6 61.Bc8 Ne5+ 62.Ke3 Kc4 63.Bxa6 Kxb4 64.Bb7
Kc3 65.Kf4 f2 66.Bg2 Nd3+ 67.Ke3 b4 68.Bf1 Ne1 69.Kxf2 Nc2 70.Bh3 b3 71.Bf5 b2
{#R} 0-1

[Event "Tournament \"]
[Site "masterchessopen.com - Medellin (Colombia)"]
[Date "2007.11.03"]
[Round "2"]
[White "Castro Oscar H (COL)"]
[Black "Guerrero Juan Carlos (COL)"]
[Result "1-0"]
[WhiteElo "2382"]
[BlackElo "2158"]

1.d4 Nf6 2.c4 c5 3.d5 e6 4.Nc3 exd5 5.cxd5 d6 6.e4 g6 7.Nf3 Bg7 8.Be2 O-O
9.O-O a6 10.a4 Bg4 11.Re1 Re8 12.Nd2 Bxe2 13.Rxe2 Nbd7 14.Qc2 Rb8 15.a5 Qc7
16.Nc4 b5 17.axb6 Nxb6 18.Na5 Ng4 19.Bf4 Qd7 20.h3 Ne5 21.Bxe5 Bxe5 22.Nc6 Ra8
23.Qd3 f5 24.Nxe5 dxe5 25.exf5 Qxf5 26.Ne4 c4 27.Qd2 Red8 28.d6 Kh8 29.Qa5 Nd7
30.Ra3 Qf4 31.Re1 Rf8 32.Qc7 Qf7 33.Rf3 Qg7 34.Rxf8+ Rxf8 35.Qxc4 Qf7 36.Qxf7
Rxf7 37.Ra1 {#r} 1-0

[Event "It (open)"]
[Site "masterchessopen.com - Bad Wiessee (Germany)"]
[Date "2007.11.11"]
[Round "2"]
[White "Renaze Luc (FRA)"]
[Black "Wasem Ralph (GER)"]
[Result "1/2-1/2"]
[WhiteElo "2332"]
[BlackElo "2117"]

1.d4 Nf6 2.c4 c5 3.d5 e6 4.Nc3 exd5 5.cxd5 d6 6.Nf3 g6 7.e4 Bg7 8.Be2 O-O
9.O-O a6 10.a4 Bg4 11.Nd2 Bxe2 12.Qxe2 Nbd7 13.Nc4 Nb6 14.Na3 Re8 15.Qc2 Ng4
16.Bf4 Ne5 17.Rad1 Rb8 18.b3 c4 19.Be3 cxb3 20.Qxb3 Nbd7 21.h3 Rc8 22.Ne2 Nc5
23.Bxc5 Rxc5 24.Qxb7 Qa5 25.Qb3 Nd7 26.Nc4 Qc7 27.Nd2 Rb8 28.Qd3 Ne5 29.Qa3
Nd7 30.Rb1 Rxb1 31.Rxb1 Rc2 32.Rc1 Bh6 33.Rxc2 Qxc2 34.Qxd6 Nf8 35.Qxa6 Qxd2
36.Ng3 Bf4 37.Qe2 Qc1+ 38.Nf1 Qc5 39.g3 Bc7 40.Ne3 Nd7 41.Qc4 Qxc4 42.Nxc4 f6
43.f4 {#d} 1/2-1/2

[Event "It (open) (advanced chess)"]
[Site "masterchessopen.com - Benidorm (Spain)"]
[Date "2007.12.03"]
[Round "3"]
[White "Maseda Iglesias Luis (ESP)"]
[Black "Tonus Alex (ITA)"]
[Result "1-0"]
[WhiteElo "1976"]
[BlackElo "1905"]

1.d4 Nf6 2.c4 c5 3.d5 e6 4.Nc3 exd5 5.cxd5 d6 6.Nf3 g6 7.e4 Bg7 8.Be2 O-O
9.O-O a6 10.a4 Bg4 11.Bf4 Bxf3 12.Bxf3 Qe7 13.e5 dxe5 14.d6 Qe6 15.Re1 Nbd7
16.Bxb7 Ra7 17.Bf3 Rb8 18.Rb1 Rb6 19.Qc2 Rxd6 20.Be3 Rc7 21.Rbd1 c4 22.Rxd6
Qxd6 23.Rd1 Qe6 24.h3 Rc8 25.Ne4 Nxe4 26.Qxe4 Nf6 27.Qb7 Bf8 28.Bg5 e4 29.Bxf6
exf3 30.Qxf3 Qc6 31.Qxc6 Rxc6 32.Bc3 Bd6 33.g4 h6 34.Kg2 Kf8 35.Re1 Rb6 36.Re4
Rc6 37.f4 Bc7 38.g5 hxg5 39.fxg5 Bd8 40.Bb4+ Kg7 41.h4 f5 42.Rd4 Bb6 43.Rd7+
Kg8 44.Bc3 Kf8 45.h5 gxh5 46.Kf3 Rc5 47.Bb4 Ke8 48.Bxc5 {#r} 1-0

[Event "Bundesliga B Mitte 2007/08"]
[Site "masterchessopen.com - Austria"]
[Date "2008.01.25"]
[Round "5"]
[White "Aschenbrenner Robert (AUT)"]
[Black "Kilgus Georg (AUT)"]
[Result "0-1"]
[WhiteElo "2261"]
[BlackElo "2349"]

1.d4 Nf6 2.c4 e6 3.Nf3 c5 4.d5 d6 5.Nc3 exd5 6.cxd5 g6 7.e4 a6 8.a4 Bg4 9.Be2
Bg7 10.O-O O-O 11.Nd2 Bxe2 12.Qxe2 Nbd7 13.Nc4 Nb6 14.Bf4 Nxc4 15.Qxc4 Re8
16.Rfe1 Ng4 17.Rab1 Bd4 18.Nd1 Qb6 19.Bg3 h5 20.Qe2 Rac8 21.h3 Ne5 22.Ne3 c4
23.Bxe5 Rxe5 24.Nxc4 Bxf2+ 25.Qxf2 Qxf2+ 26.Kxf2 Rxc4 27.Kf3 Rxa4 28.Rbc1 Rb4
29.Re2 Kg7 30.Rc7 Rb3+ 31.Kf2 Kf8 32.Rd7 Rb6 33.Rc2 Rxe4 34.Rcc7 Rf4+ 35.Ke3
Rf5 36.g4 Rb3+ 37.Kd2 hxg4 38.hxg4 Rf2+ 39.Kc1 Rbxb2 40.Rxd6 Ra2 41.Kb1 Rae2
{#R} 0-1

[Event "It (open) (b)"]
[Site "masterchessopen.com - Moscow (Russia)"]
[Date "2008.02.06"]
[Round "5"]
[White "Subbotin Andrey (RUS)"]
[Black "Shmatkov Mikhail (RUS)"]
[Result "1-0"]
[WhiteElo "2043"]
[BlackElo "2197"]

1.d4 Nf6 2.Nf3 c5 3.d5 e6 4.c4 exd5 5.cxd5 d6 6.Nc3 g6 7.e4 a6 8.a4 Bg4 9.Be2
Bg7 10.O-O O-O 11.h3 Bxf3 12.Bxf3 Nbd7 13.Bf4 Qc7 14.Re1 Rab8 15.Be2 Rfe8
16.Bf1 c4 17.Bh2 b5 18.axb5 axb5 19.b4 Ng4 20.Qd2 Nxh2 21.Kxh2 Qb6 22.f3 Ra8
23.g3 Ra6 24.Bg2 Rea8 25.Rxa6 Rxa6 26.f4 Ra3 27.e5 dxe5 28.d6 e4 29.Nxe4 Rd3
30.Qa2 h6 31.Qa8+ Nf8 32.Nc5 Rxd6 33.Re8 Rd2 34.Rb8 Qc7 35.Rc8 Qe7 36.Re8 Qf6
37.Ne4 Rxg2+ 38.Kxg2 Qb2+ 39.Kf3 Qxb4 40.Qd5 Qb3+ 41.Kg4 Kh7 42.Rxf8 f5+
43.Kh4 fxe4 44.Qg8# 1-0